000 00275nam a2200121Ia 4500
008 190216s9999||||xx |||||||||||||| ||und||
100 _aPiccadilly Jim
245 0 _aWodehouse P G
260 _bPenguin Books
_c1969
300 _a238p
650 _aEnglish Novel
942 _cBK
999 _c12744
_d12744